LEADER 01242nam2-2200385---450- 001 990003370290203316 005 20100210131503.0 010 $a978-88-368-0662-7 035 $a000337029 035 $aUSA01000337029 035 $a(ALEPH)000337029USA01 035 $a000337029 100 $a20100210h2001----km-y0itay50------ba 101 $aita 102 $aIT 105 $a||||||||001yy 200 1 $a<<1. :>> Dalle origini al Seicento$fa cura di Luciana Stegagno Picchio 210 $aFirenze-Antella$cPassigli$d2001 215 $a652 p.$d21 cm 300 $aIn testa al front. : Civiltą letteraria dei paesi di espressione portoghese 461 0$1001000337026$12001$a<> Portogallo 606 0 $aCiviltą$yPortogallo$zOrigini-Sec. 17.$2BNCF 676 $a869.09 702 1$aSTEGAGNO PICCHIO,$bLuciana 801 0$aIT$bsalbc$gISBD 912 $a990003370290203316 951 $aVI.6.B. 65 1$b3142 L.G.$cVI.6.$d00255901 951 $aVI.6.B. 65 1a$b3141 L.G.$cVI.6.$d00255902 959 $aBK 969 $aUMA 979 $aPAOLA$b90$c20100210$lUSA01$h1235 979 $aPAOLA$b90$c20100210$lUSA01$h1236 979 $aPAOLA$b90$c20100210$lUSA01$h1315 996 $aDalle origini al Seicento$9748442 997 $aUNISA LEADER 02370nam 2200649 a 450 001 9910964612003321 005 20251116231745.0 010 $a0-8070-7272-9 010 $a1-299-56242-6 035 $a(CKB)1000000000541976 035 $a(EBL)3118012 035 $a(SSID)ssj0000378725 035 $a(PQKBManifestationID)11275557 035 $a(PQKBTitleCode)TC0000378725 035 $a(PQKBWorkID)10355392 035 $a(PQKB)10077390 035 $a(SSID)ssj0000272875 035 $a(PQKBManifestationID)12106291 035 $a(PQKBTitleCode)TC0000272875 035 $a(PQKBWorkID)10309856 035 $a(PQKB)10358430 035 $a(MiAaPQ)EBC3118012 035 $a(MiAaPQ)EBC6069551 035 $a(Au-PeEL)EBL6069551 035 $a(OCoLC)922967949 035 $a(EXLCZ)991000000000541976 100 $a20080611d2007 uy 0 101 0 $aeng 135 $aur|n|---||||| 181 $ctxt 182 $cc 183 $acr 200 10$aWithout a map $ea memoir /$fMeredith Hall 205 $a1st ed. 210 $aBoston $cBeacon Press$dc2007 215 $a1 online resource (249 p.) 300 $aIncludes a reading group guide. 311 08$a0-8070-7274-5 311 08$a0-8070-7273-7 327 $aThe lonely hunter -- Waiting -- Stronghold -- The uprising -- Again -- Drawing the line -- Without a map -- A river of light -- Double vision -- Killing chickens -- Threshold -- Propitiation -- Chimeras -- Reckonings -- The river of forgetting -- Sojourn -- Outport shadows. 330 $a"A brave writer of tumultuous beauty." -- Entertainment Weekly "Beautifully rendered." -- Elle "A poignant, unflinchingly assured memoir." -- The Boston Globe   This "sobering portrayal" of a pregnant teen exiled from her New Hampshire community is "a testament to the importance of understanding and even forgiving the people who. 606 $aAuthors, American$y21st century$vBiography 606 $aTeenage girls$zMaine$vBiography 606 $aTeenage pregnancy 615 0$aAuthors, American 615 0$aTeenage girls 615 0$aTeenage pregnancy. 676 $a818/.609 676 $aB 700 $aHall$b Meredith$f1949-$01858060 801 0$bMiAaPQ 801 1$bMiAaPQ 801 2$bMiAaPQ 906 $aBOOK 912 $a9910964612003321 996 $aWithout a map$94459284 997 $aUNINA